000 00490nam a2200181Ia 4500
005 20250508152058.0
008 008 250505s9999 xx 000 0 eng d
037 _aTextual
040 _aFEDL
_beng
_cFEDL
041 _aeng
_2eng
084 _a371.922, CLE
_qFEDL
100 _aCleugh M F
_9760713
245 0 _aSlow learner
260 _aLondon, UK
_bMethuen and Company Limited
_c1957
300 _a186p.
942 _cTEXL
_h371.922, CLE
999 _c1334115
_d1334115